Sports Quiz

Random Sports Quiz
Score 0/15 Timer 15:00
0 Plays Today
Anagram Answer % Correct
Balkan Fog JugsJakob Fuglsang
77.8%
Still PinotNils Politt
55.6%
In Dual WoolOwain Doull
55.6%
Corona SlaverCarlos Verona
44.4%
Be The CanvasesEsteban Chaves
33.3%
Damned GhettosThomas De Gendt
22.2%
Deny CamillaDaniel McLay
22.2%
Bachelor's HandShane Archbold
11.1%
Anagram Answer % Correct
Much Folio AidClaudio Imhof
11.1%
Himalayan TV SceneMichael Van Stayen
0%
Job Rents NoneBrenton Jones
0%
Arabia Cab FoilFabio Calabria
0%
At Romanian VistaIvan Santaromita
0%
Van Size VitaIvan Zaitsev
0%
Seen Pink JadesDeins Kanepejs
0%

You're not logged in!

Compare scores with friends on all Sporcle quizzes.
OR
Log In

Sporcle TV

Today on Sporcle TV


Watch our educational content, quiz creation guides, and fun videos on Sporcle TV.

Show Comments

Extras

Created Oct 4, 2019ReportNominate
Tags:Cycling

Top Quizzes Today


Score Distribution

Paid Content

Your Account Isn't Verified!

In order to create a playlist on Sporcle, you need to verify the email address you used during registration. Go to your Sporcle Settings to finish the process.

Report this User

Report this user for behavior that violates our Community Guidelines.

Details: